000 02123nam0a2200409 4500
001 RU\NLR\bibl\209405
005 20260405101749.0
010 _a5-9282-0041-2
_9500
021 _aRU
_b2001-32249
_91537
035 _a(NLR Aleph) 000205634
090 _a1192668
_c1192668
100 _a20011129d2001 |||y0rusy50 ca
101 0 _arus
102 _aRU
105 _aa |||||||||
200 1 _aЭффективные сухие строительные смеси на основе местных материалов
_eУчеб. пособие для студентов вузов, обучающихся по направлению подгот. дипломир. специалистов "Стр-во"
_fВ.С. Демьянова, В.И. Калашников, Н.М. Дубошина и др.
205 _a2-е изд., доп.
210 _aМ.
_cИзд-во Ассоц. строит. вузов
_d2001
215 _a209 с.
_cил.
_d21
320 _aБиблиогр.: с. 193-206 (168 назв.)
606 0 _aСухие строительные смеси
_jРуководства, пособия и т.п. для высшей школы
_92172010
_3RU\NLR\auth\661306497
606 0 _aСухие строительные смеси
_jУчебные издания для высшей школы
_92172010
_3RU\NLR\auth\661306497
610 0 _aЦементное производство - Сухой способ
610 0 _aСтроительные материалы местные
675 _a691.53(075.8)
_v3
_zrus
686 _a67.09
_2rugasnti
686 _a38.32я73
_2rubbk
686 _aН300.8я73-1
701 1 _4070
_7ca
_8rus
_aДемьянова
_bВ. С.
_f1950-
_gВалентина Серафимовна
_920640
_3RU\NLR\auth\7737652
701 1 _aКалашников
_gВладимир Иванович
_4070
701 1 _aДубошина
_gНадежда Михайловна
_4070
801 0 _aRU
_bRKP
_c20011129
_gPSBO
801 1 _aRU
_bRKP
_c20011129
801 2 _aRU
_bNLR
_c20071003
_grcr
942 _cBOOK
980 _aNB